Préfectures des départements français (QCM) - Statistiques

Statistiques générales
  • Ce quiz a été pris 92 fois
  • Le résultat moyen est 14 sur 15
Statistiques - réponses
Question Réponse % Correct
Numéro de département ayant comme préfecture Nantes 44
100%
Numéro de département ayant comme préfecture Nancy 54
100%
Numéro de département ayant comme préfecture Nevers 58
100%
Numéro de département ayant comme préfecture Rouen 76
100%
Numéro de département ayant comme préfecture Belfort 90
100%
Préfecture du Doubs Besançon
100%
Préfecture du Cher Bourges
100%
Préfecture du Calvados Caen
100%
Préfecture de l'Eure Evreux
100%
Préfecture de Paris Paris
100%
Préfecture du Loir et Cher Blois
91%
Préfecture du Haut Rhin Colmar
91%
Préfecture des Hautes Alpes Gap
91%
Préfecture de la Moselle Metz
91%
Numéro de département ayant comme préfecture Agen 47
82%
Aucun quiz correspondant
Distribution des résultats
% des personnes avec chaque résultat
Percentile par nombre de réponses
Votre historique - résultats
Vous n’avez pas pris ce quiz